000 01607nam a2200385Ia 4500
001 ebr10594485
003 CaPaEBR
006 m u
007 cr cn|||||||||
008 110509s2012 vaua sb s001 0 eng d
010 _z 2011019288
020 _z0813931959 (cloth : alk. paper)
020 _z081393205X (ebk.)
020 _z9780813931951 (cloth : alk. paper)
020 _z9780813932057 (ebk.)
040 _aCaPaEBR
_cCaPaEBR
035 _a(OCoLC)793521356
050 1 4 _aE184.A1
_bF314 2012eb
082 0 4 _a305.800973
_223
245 0 0 _aFaith and race in American political life
_h[electronic resource] /
_cedited by Robin Dale Jacobson and Nancy D. Wadsworth.
260 _aCharlottesville ;
_aLondon :
_bUniversity of Virginia Press,
_c2012.
300 _avi, 320 p. :
_bill.
490 0 _aRace, ethnicity, and politics
504 _aIncludes bibliographical references and index.
533 _aElectronic reproduction.
_bPalo Alto, Calif. :
_cebrary,
_d2011.
_nAvailable via World Wide Web.
_nAccess may be limited to ebrary affiliated libraries.
650 0 _aRace
_xPolitical aspects
_zUnited States.
650 0 _aReligion and politics
_zUnited States.
650 0 _aMinorities
_zUnited States
_xPolitics and government.
651 0 _aUnited States
_xRace relations
_xPolitical aspects.
655 7 _aElectronic books.
_2local
700 1 _aJacobson, Robin Dale.
700 1 _aWadsworth, Nancy D.,
_d1968-
710 2 _aebrary, Inc.
856 4 0 _uhttp://site.ebrary.com/lib/rucke/Doc?id=10594485
_zAn electronic book accessible through the World Wide Web; click to view
999 _c218226
_d218226